Tableau des médailles olympiques - Surf - Statistiques

Statistiques générales
  • Ce quiz a été pris 26 fois
  • Le résultat moyen est 4 sur 5
Statistiques - réponses
Total Or Argent Bronze Pays % Correct
1 1 0 0 États-Unis
100%
1 1 0 0 Brésil
92%
0 0 0 1 Australie
88%
2 0 1 1 Japon
58%
1 0 1 0 Afrique du Sud
29%
Aucun quiz correspondant
Distribution des résultats
% des personnes avec chaque résultat
Percentile par nombre de réponses
Votre historique - résultats
Vous n’avez pas pris ce quiz